[Event "Futurity III qual."]
[Site "Montreal CAN"]
[Date "2003.04.05"]
[Round "3"]
[White "Rosen, Matthew"]
[Black "Rousseau, Daniel"]
[Result "1-0"]
[WhiteElo "2106"]
[BlackElo "2071"]
[PlyCount "118"]
[GameId "2160767911303159"]
[EventDate "2003.04.04"]
[EventType "swiss"]
[EventRounds "5"]
[EventCountry "CAN"]
[SourceTitle "EXT 2006"]
[Source "ChessBase"]
[SourceDate "2005.11.24"]
[SourceVersion "1"]
[SourceVersionDate "2005.11.24"]
[SourceQuality "1"]

1. e4 e5 2. Nf3 Nc6 3. Nc3 Nf6 4. Bb5 Bb4 5. O-O O-O 6. Re1 d6 7. h3 Bd7 8. a3 Bc5 9. b4 Bb6 10. Na4 Ne7 11. Nxb6 axb6 12. Bf1 c5 13. b5 Ng6 14. c3 Ra5 15. Rb1 Qe8 16. Qb3 Qe7 17. d4 h6 18. Qc2 cxd4 19. cxd4 Rc8 20. Qd3 Qe8 21. Bd2 Raa8 22. g3 Qd8 23. Bb4 Be8 24. Rbc1 Nh7 25. Red1 Rxc1 26. Rxc1 Ng5 27. dxe5 Nxf3+ 28. Qxf3 dxe5 29. Rd1 Qc7 30. Rd6 Nf8 31. Qe3 Nd7 32. h4 f6 33. Qd2 Nc5 34. Bc4+ Kh8 35. Rxf6 Kh7 36. Qd6 Rc8 37. Qxc7 Rxc7 38. Rxb6 Na4 39. Re6 Bf7 40. Rxe5 Bxc4 41. f4 Rd7 42. Kf2 Nb2 43. Ke3 Nd3 44. Re7 Rxe7 45. Bxe7 Bxb5 46. Kd4 Kg6 47. e5 Kf7 48. Bd8 Ke6 49. Bb6 h5 50. Ke4 g6 51. a4 Ba6 52. a5 Nc1 53. g4 hxg4 54. h5 Bd3+ 55. Ke3 gxh5 56. Kd2 Be4 57. Kxc1 h4 58. Kd2 h3 59. Bg1 g3 1-0

[Event "Futurity III qual."]
[Site "Montreal CAN"]
[Date "2003.04.06"]
[Round "5"]
[White "Bouchard, Jean-Marc"]
[Black "Rousseau, Daniel"]
[Result "0-1"]
[WhiteElo "2028"]
[BlackElo "2071"]
[PlyCount "93"]
[GameId "2160767911303164"]
[EventDate "2003.04.04"]
[EventType "swiss"]
[EventRounds "5"]
[EventCountry "CAN"]
[SourceTitle "EXT 2006"]
[Source "ChessBase"]
[SourceDate "2005.11.24"]
[SourceVersion "1"]
[SourceVersionDate "2005.11.24"]
[SourceQuality "1"]

1. e4 c5 2. Nf3 e6 3. d4 cxd4 4. Nxd4 Nf6 5. Nc3 Nc6 6. Nxc6 bxc6 7. Bd3 Be7 8. e5 Nd5 9. Qg4 Bf8 10. Ne4 Qc7 11. O-O Qxe5 12. Ng5 h5 13. Qf3 Qf6 14. Qe4 Bb7 15. Nf3 Bd6 16. Bg5 Qxb2 17. Rab1 Qa3 18. Rxb7 Rb8 19. Rfb1 Nb6 20. Rb3 Qxa2 21. Rxb8+ Bxb8 22. Qb4 f6 23. Bg6+ Kd8 24. Be3 Qa6 25. Bc5 f5 26. Ra3 Qb5 27. Be7+ Kc8 28. Qe1 Rh6 29. Bf7 Qd5 30. Rd3 Qe4 31. Qa1 Qa4 32. Qxg7 Qxc2 33. Ne1 Qc1 34. Kf1 Bf4 35. g3 Bd2 36. Rxd2 Qxd2 37. Bg5 Qd5 38. Bxh6 Qh1+ 39. Ke2 Qe4+ 40. Be3 Qg4+ 41. Qxg4 hxg4 42. Bxb6 axb6 43. f3 Kd8 44. fxg4 fxg4 45. Bh5 e5 46. Nd3 e4 47. Ne5 0-1

[Event "Mauricie op"]
[Site "Shawinigan CAN"]
[Date "2003.03.22"]
[Round "2"]
[White "Zafirov, Stephane"]
[Black "Rousseau, Daniel"]
[Result "0-1"]
[WhiteElo "2013"]
[BlackElo "2071"]
[PlyCount "113"]
[GameId "2160767911303345"]
[EventDate "2003.03.21"]
[EventType "swiss"]
[EventRounds "5"]
[EventCountry "CAN"]
[SourceTitle "EXT 2022"]
[Source "ChessBase"]
[SourceDate "2021.10.06"]
[SourceVersion "1"]
[SourceVersionDate "2021.10.06"]
[SourceQuality "1"]

1. e4 e5 2. Nf3 Nc6 3. Bc4 Nf6 4. Ng5 d5 5. exd5 Na5 6. Bb5+ c6 7. dxc6 bxc6 8. Be2 h6 9. Nh3 Bd6 10. d3 Qc7 11. Nc3 O-O 12. Bd2 Rb8 13. b3 Rd8 14. Qc1 Nb7 15. O-O Nc5 16. Bf3 Ne6 17. Kh1 Nd4 18. Ng1 Bf8 19. Re1 Bb7 20. Qd1 Nd5 21. Nxd5 cxd5 22. c3 Ne6 23. Rc1 Nc5 24. Be3 e4 25. Be2 Ne6 26. dxe4 dxe4 27. Qc2 Nf4 28. Rcd1 Nd3 29. Rf1 Nb4 30. Qb2 Nd5 31. Bxa7 Ra8 32. Bd4 Ba3 33. Qd2 Bd6 34. f3 e3 35. Bxe3 Bxh2 36. Bd4 Bf4 37. Qe1 Rxa2 38. Ra1 Rxa1 39. Qxa1 Qe7 40. Qe1 Re8 41. Qf2 Qc7 42. Bb5 Re6 43. Re1 Bg3 44. Rxe6 fxe6 45. Qe2 Qf7 46. Nh3 Nf4 47. Nxf4 Bxf4 48. Kg1 h5 49. Be5 Bh6 50. Qd3 Bg5 51. Qd7 Qxd7 52. Bxd7 Kf7 53. Kf2 Ba6 54. f4 Bd8 55. Bc6 g5 56. fxg5 Bxg5 57. b4 0-1

[Event "Mauricie op"]
[Site "Shawinigan CAN"]
[Date "2003.03.22"]
[Round "3"]
[White "Rousseau, Daniel"]
[Black "Brousseau, Yvan"]
[Result "1/2-1/2"]
[WhiteElo "2071"]
[BlackElo "2015"]
[PlyCount "106"]
[GameId "2160767911303352"]
[EventDate "2003.03.21"]
[EventType "swiss"]
[EventRounds "5"]
[EventCountry "CAN"]
[SourceTitle "EXT 2022"]
[Source "ChessBase"]
[SourceDate "2021.10.06"]
[SourceVersion "1"]
[SourceVersionDate "2021.10.06"]
[SourceQuality "1"]

1. e4 e6 2. d4 d5 3. Nc3 Bb4 4. e5 c5 5. a3 Bxc3+ 6. bxc3 Nc6 7. Nf3 Nge7 8. a4 Qa5 9. Qd2 c4 10. Be2 b5 11. O-O bxa4 12. Ba3 O-O 13. h4 f6 14. h5 Rf7 15. h6 fxe5 16. dxe5 gxh6 17. Qxh6 Nf5 18. Qh5 Bd7 19. Ng5 Rg7 20. Bd6 Qxc3 21. Ra3 Qxc2 22. Bd1 Qc1 23. Nxe6 Bxe6 24. Bxa4 Qb2 25. Bxc6 Rc8 26. Rf3 Qc2 27. Ra1 Qe4 28. Raa3 Qg4 29. Qxg4 Rxg4 30. Bb7 Nxd6 31. exd6 Rd8 32. Rf6 Rg6 33. Rxe6 Rxd6 34. Re8+ Kf7 35. Rc8 Ke6 36. Rxa7 Rd7 37. Ra6+ Ke5 38. Rxg6 hxg6 39. Bc6 Rd6 40. Ba4 Kd4 41. Kf1 Kd3 42. Ke1 Rb6 43. f3 d4 44. Bc6 Rb1+ 45. Kf2 Rb2+ 46. Kg3 Kd2 47. Be4 c3 48. Rc4 Ke3 49. Bxg6 Rb3 50. f4 d3 51. Kg4 c2 52. Rxc2 dxc2 53. Bxc2 Rb2 1/2-1/2

[Event "Mauricie op"]
[Site "Shawinigan CAN"]
[Date "2003.03.23"]
[Round "4"]
[White "Deschamps, Martin"]
[Black "Rousseau, Daniel"]
[Result "0-1"]
[WhiteElo "1915"]
[BlackElo "2071"]
[PlyCount "76"]
[GameId "2160767911303356"]
[EventDate "2003.03.21"]
[EventType "swiss"]
[EventRounds "5"]
[EventCountry "CAN"]
[SourceTitle "EXT 2022"]
[Source "ChessBase"]
[SourceDate "2021.10.06"]
[SourceVersion "1"]
[SourceVersionDate "2021.10.06"]
[SourceQuality "1"]

1. e4 e5 2. Nf3 Nc6 3. Bb5 a6 4. Bxc6 dxc6 5. O-O Qd6 6. h3 Bd7 7. c3 c5 8. Na3 f6 9. d3 O-O-O 10. Nc4 Qe6 11. a4 g5 12. Qb3 g4 13. hxg4 Qxg4 14. Na5 b6 15. Qd5 Be6 16. Qb7+ Kd7 17. Nc6 Bd6 18. Nxd8 Kxd8 19. Nh2 Qg7 20. f3 Bc8 21. Qd5 Ne7 22. Qb3 Rg8 23. Qc2 Ng6 24. Qf2 Nf8 25. Be3 h5 26. Kh1 f5 27. exf5 Bxf5 28. Rad1 Kc8 29. Rg1 Qh7 30. d4 exd4 31. cxd4 c4 32. d5 Bg3 33. Qd2 h4 34. d6 Bxd6 35. Bf4 Bxf4 36. Qxf4 Bd3 37. Ng4 Nd7 38. Nf6 Qf7 0-1

[Event "Mauricie op"]
[Site "Shawinigan CAN"]
[Date "2003.03.23"]
[Round "5"]
[White "Rousseau, Daniel"]
[Black "Landry, Sylvain"]
[Result "1-0"]
[WhiteElo "2071"]
[BlackElo "1983"]
[PlyCount "97"]
[GameId "2160767911303363"]
[EventDate "2003.03.21"]
[EventType "swiss"]
[EventRounds "5"]
[EventCountry "CAN"]
[SourceTitle "EXT 2022"]
[Source "ChessBase"]
[SourceDate "2021.10.06"]
[SourceVersion "1"]
[SourceVersionDate "2021.10.06"]
[SourceQuality "1"]

1. e4 e5 2. Nf3 Nc6 3. Bb5 a6 4. Ba4 Nf6 5. O-O Be7 6. Re1 b5 7. Bb3 d6 8. c3 O-O 9. h3 Bb7 10. d4 Re8 11. Nbd2 Bf8 12. a4 h6 13. Bc2 exd4 14. cxd4 Nb4 15. Bb1 c5 16. d5 Nd7 17. Nf1 f5 18. exf5 Rxe1 19. Nxe1 Bxd5 20. Bd2 Bf7 21. Bxb4 cxb4 22. Nd3 b3 23. Nf4 Nc5 24. axb5 axb5 25. Rxa8 Qxa8 26. f6 Ne4 27. fxg7 Bxg7 28. Nh5 Qd5 29. Qxd5 Bxd5 30. Nxg7 Kxg7 31. f3 Nc5 32. Ne3 Be6 33. Kf2 Kf6 34. f4 Bc4 35. Nd1 Ne6 36. g3 d5 37. Ke3 Bf1 38. Nf2 Nc5 39. Kd4 Na4 40. Bd3 Bg2 41. Bxb5 Nxb2 42. Kc3 Nc4 43. Kxb3 Nd2+ 44. Kc3 Ne4+ 45. Nxe4+ dxe4 46. Bd7 h5 47. h4 Bf3 48. Kd4 Bg2 49. Bb5 1-0

[Event "Hiver/Winter op"]
[Site "Montreal CAN"]
[Date "2003.03.01"]
[Round "2"]
[White "Rousseau, Daniel"]
[Black "Ostaci, Liviu"]
[Result "1-0"]
[WhiteElo "2074"]
[BlackElo "2025"]
[PlyCount "61"]
[GameId "2160767911303494"]
[EventDate "2003.02.28"]
[EventType "swiss"]
[EventRounds "5"]
[EventCountry "CAN"]

1. e4 c5 2. Nf3 Nc6 3. d4 cxd4 4. Nxd4 Nf6 5. Nc3 e5 6. Ndb5 d6 7. Bg5 a6 8. Bxf6 gxf6 9. Na3 b5 10. Nd5 Bg7 11. Bd3 Ne7 12. c3 f5 13. Nc2 Nxd5 14. exd5 e4 15. Be2 O-O 16. a4 Rb8 17. axb5 axb5 18. Nb4 e3 19. f4 Bd7 20. O-O h5 21. Qd3 Re8 22. Rf3 Qb6 23. Ra6 Qc5 24. Ra1 Rb6 25. Rh3 Re4 26. Ra8+ Kh7 27. Rxh5+ Kg6 28. g3 Qc4 29. Qd1 Qc7 30. Rg8 f6 31. Rhh8 1-0

[Event "Hiver/Winter op"]
[Site "Montreal CAN"]
[Date "2003.03.01"]
[Round "3"]
[White "Forget, Luc"]
[Black "Rousseau, Daniel"]
[Result "0-1"]
[WhiteElo "1842"]
[BlackElo "2074"]
[PlyCount "124"]
[GameId "2160767911303497"]
[EventDate "2003.02.28"]
[EventType "swiss"]
[EventRounds "5"]
[EventCountry "CAN"]

1. c4 Nf6 2. Nf3 g6 3. d4 Bg7 4. Nc3 d6 5. e4 O-O 6. Be2 e5 7. O-O Nc6 8. d5 Ne7 9. Ne1 Nd7 10. Nd3 f5 11. Bd2 Nf6 12. f3 f4 13. g4 g5 14. Kg2 Ng6 15. Be1 h5 16. h3 Kf7 17. Rc1 Rh8 18. c5 a6 19. b4 Rh7 20. Bf2 Nh4+ 21. Bxh4 gxh4 22. Nf2 hxg4 23. fxg4 Bf8 24. Nb1 Bh6 25. Bf3 Bd7 26. Qb3 Qe8 27. cxd6 cxd6 28. Rc7 Qb8 29. Rfc1 Kg8 30. R7c3 Bg5 31. Nd2 b5 32. Qb2 a5 33. bxa5 Rxa5 34. Nd3 Qa8 35. Nb4 Ne8 36. R1c2 Bd8 37. Nc6 Ra4 38. Be2 Ba5 39. Nxa5 Qxa5 40. Rb3 Nc7 41. Nf3 Rf7 42. Bd3 Nxd5 43. exd5 e4 44. Bxb5 exf3+ 45. Kxf3 Qe1 46. Bxa4 Qg3+ 47. Ke4 Re7+ 48. Kd4 Qg1+ 49. Rf2 Bxa4 50. Rb8+ Be8 51. Qc2 Kg7 52. Rb1 Qg3 53. Rb3 f3 54. Rbxf3 Qe5+ 55. Kc4 Rc7+ 56. Kb3 Qxd5+ 57. Kb2 Rxc2+ 58. Kxc2 Qxa2+ 59. Kc3 Qa1+ 60. Kc2 Bg6+ 61. Kd2 d5 62. Rc3 Qb2+ 0-1

[Event "Hiver/Winter op"]
[Site "Montreal CAN"]
[Date "2003.03.02"]
[Round "4"]
[White "Lawson, Eric"]
[Black "Rousseau, Daniel"]
[Result "1-0"]
[WhiteElo "2293"]
[BlackElo "2074"]
[PlyCount "75"]
[GameId "2160767911303509"]
[EventDate "2003.02.28"]
[EventType "swiss"]
[EventRounds "5"]
[EventCountry "CAN"]

1. d4 Nf6 2. Bg5 Ne4 3. Bf4 c5 4. f3 Nf6 5. d5 d6 6. e4 g6 7. Nc3 a6 8. Qd2 Bg7 9. Bh6 O-O 10. Nge2 b5 11. h4 b4 12. Nd1 Nbd7 13. Bxg7 Kxg7 14. Nf4 h5 15. a4 Ne5 16. Ne3 Bd7 17. Nd3 e6 18. Nxe5 dxe5 19. dxe6 Bxe6 20. Qxd8 Rfxd8 21. Bc4 Bxc4 22. Nxc4 Nd7 23. Rd1 f6 24. Rd5 Rac8 25. Ke2 Nf8 26. Rhd1 Ne6 27. Rxd8 Rxd8 28. Rxd8 Nxd8 29. Kd3 Ne6 30. Ne3 Kf7 31. Kc4 Ke7 32. Kd5 Kd7 33. a5 g5 34. hxg5 fxg5 35. Kxe5 h4 36. Kf6 Nf4 37. e5 Nxg2 38. e6+ 1-0

[Event "Hiver/Winter op"]
[Site "Montreal CAN"]
[Date "2003.03.02"]
[Round "5"]
[White "Rousseau, Daniel"]
[Black "Rivest, Jean-Michel"]
[Result "1-0"]
[WhiteElo "2074"]
[BlackElo "1901"]
[PlyCount "45"]
[GameId "2160767911303518"]
[EventDate "2003.02.28"]
[EventType "swiss"]
[EventRounds "5"]
[EventCountry "CAN"]

1. e4 g6 2. d4 Bg7 3. Nc3 d6 4. f4 c5 5. d5 e6 6. Bb5+ Bd7 7. Qe2 a6 8. Bxd7+ Nxd7 9. dxe6 fxe6 10. Nf3 Qe7 11. O-O Ngf6 12. e5 dxe5 13. fxe5 Nd5 14. Bg5 Nxc3 15. bxc3 Qf7 16. Nd2 Qg8 17. Nc4 Bf8 18. Rad1 Be7 19. Qd2 Nf8 20. Nd6+ Bxd6 21. Qxd6 Qg7 22. Qd8+ Rxd8 23. Rxd8# 1-0

[Event "Hiver/Winter op"]
[Site "Montreal CAN"]
[Date "2003.04.01"]
[Round "8"]
[White "Bergeron, Pascal"]
[Black "Rousseau, Daniel"]
[Result "0-1"]
[WhiteElo "2119"]
[BlackElo "2071"]
[PlyCount "142"]
[GameId "2160767911303520"]
[EventDate "2003.02.28"]
[EventType "swiss"]
[EventRounds "5"]
[EventCountry "CAN"]
[SourceTitle "EXT 2005"]
[Source "ChessBase"]
[SourceDate "2004.11.15"]
[SourceVersion "1"]
[SourceVersionDate "2004.11.15"]
[SourceQuality "1"]

1. d4 Nf6 2. c4 g6 3. Nc3 Bg7 4. e4 d6 5. Be2 O-O 6. Bg5 h6 7. Be3 Nc6 8. Qd2 Kh7 9. f3 Re8 10. Bd1 e5 11. Nge2 exd4 12. Nxd4 Ne5 13. Bb3 Nfd7 14. O-O Nc5 15. Rac1 a5 16. Na4 Qe7 17. Rfd1 Bd7 18. Nxc5 dxc5 19. Nb5 Be6 20. a4 Red8 21. Qe2 c6 22. Nc3 Rd4 23. Bxd4 cxd4 24. Nb1 h5 25. Rd3 Qb4 26. Nd2 Nxd3 27. Qxd3 c5 28. f4 Bh6 29. g3 Bd7 30. Ra1 Re8 31. Bc2 Bc6 32. b3 Bg7 33. Rf1 f5 34. e5 Bh6 35. Bd1 Rd8 36. Bc2 Re8 37. h3 Rxe5 38. fxe5 Bxd2 39. Rd1 Be3+ 40. Kh2 h4 41. Rf1 hxg3+ 42. Kxg3 Be4 43. Qe2 Bxc2 44. Qxc2 Qc3 45. Qd1 d3 46. Kg2 Qd4 47. e6 Qe4+ 48. Qf3 Qxe6 49. Qxb7+ Kh6 50. Qd5 Qe4+ 51. Kg3 Bd4 52. Qxe4 fxe4 53. Rd1 Kg5 54. h4+ Kf5 55. Rd2 Be3 56. Rd1 Ke5 57. Kg4 Kd4 58. h5 gxh5+ 59. Kxh5 Bf2 60. Kg4 e3 61. Kf3 e2 62. Rh1 e1=Q 63. Rxe1 Bxe1 64. Kg4 d2 65. Kf5 d1=Q 66. Kf4 Bd2+ 67. Kf5 Qf3+ 68. Kg6 Ke5 69. Kg7 Ke6 70. Kh8 Qf7 71. b4 Bc3# 0-1

[Event "Hiver/Winter op"]
[Site "Montreal CAN"]
[Date "2003.04.08"]
[Round "9"]
[White "Rousseau, Daniel"]
[Black "Bannon, Eric"]
[Result "0-1"]
[WhiteElo "2071"]
[BlackElo "2199"]
[PlyCount "120"]
[GameId "2160767911303528"]
[EventDate "2003.02.28"]
[EventType "swiss"]
[EventRounds "5"]
[EventCountry "CAN"]
[SourceTitle "EXT 2005"]
[Source "ChessBase"]
[SourceDate "2004.11.15"]
[SourceVersion "1"]
[SourceVersionDate "2004.11.15"]
[SourceQuality "1"]

1. e4 c5 2. Nf3 e6 3. d4 cxd4 4. Nxd4 a6 5. Bd3 Qc7 6. O-O Nf6 7. Nc3 Nc6 8. Nb3 b5 9. Be3 d6 10. Qe2 Be7 11. f4 Bb7 12. Rae1 Nb4 13. Rc1 d5 14. e5 Ne4 15. Bxe4 dxe4 16. a4 Nd5 17. Nxd5 Bxd5 18. Rfd1 O-O 19. axb5 Bc4 20. Qg4 axb5 21. Nd4 Bc5 22. b3 Bd5 23. Kh1 Bxd4 24. Rxd4 Qc3 25. Qe2 Rfc8 26. Rdd1 Ra2 27. Bd2 Rxc2 28. Bxc3 Rxe2 29. Bb4 Rxc1 30. Rxc1 h5 31. Kg1 Bxb3 32. Re1 Rc2 33. Re3 Bd5 34. g3 Rc4 35. Be1 b4 36. Re2 b3 37. Kf2 Rc1 38. Bb4 f6 39. exf6 gxf6 40. Ba3 Rc6 41. Bb2 f5 42. Ke3 Bc4 43. Rd2 Bd3 44. Rf2 Ra6 45. Kd4 Rc6 46. Ke3 Kf7 47. Be5 Ke7 48. Kd2 Kd7 49. Ke3 Rc4 50. Rd2 Kc6 51. Bb2 Ra4 52. Be5 Kb5 53. Rb2 Bc2 54. Bf6 Ra7 55. Kd4 Kc6 56. Be5 Rd7+ 57. Ke3 Rd1 58. Kf2 Kd5 59. Bc3 Kc4 60. Be5 Kd3 0-1

[Event "Le Bolduc"]
[Site "Montreal CAN"]
[Date "2003.02.11"]
[Round "1"]
[White "Sullivan, Neil"]
[Black "Rousseau, Daniel"]
[Result "1-0"]
[WhiteElo "2062"]
[BlackElo "2071"]
[PlyCount "51"]
[GameId "2160767911352918"]
[EventDate "2003.02.11"]
[EventType "tourn"]
[EventRounds "9"]
[EventCountry "CAN"]

1. e4 e5 2. Nf3 Nc6 3. d4 exd4 4. Bc4 Nf6 5. O-O Nxe4 6. Re1 d5 7. Bxd5 Qxd5 8. Nc3 Qa5 9. Nxe4 Be6 10. Neg5 O-O-O 11. Nxe6 fxe6 12. Rxe6 Bd6 13. Bg5 Rdf8 14. Qe2 h6 15. Bh4 Qd5 16. Bg3 Bxg3 17. hxg3 g5 18. Rd1 Qxa2 19. Nxd4 Nxd4 20. Rxd4 Qxb2 21. Rc4 Kb8 22. Re7 Rc8 23. Qd2 Rhd8 24. Rexc7 Qa1+ 25. Kh2 Qf6 26. Qd7 1-0

[Event "Le Bolduc"]
[Site "Montreal CAN"]
[Date "2003.02.18"]
[Round "2"]
[White "Rousseau, Daniel"]
[Black "Bolduc, Steve"]
[Result "0-1"]
[WhiteElo "2071"]
[BlackElo "2303"]
[PlyCount "120"]
[GameId "2160767911352923"]
[EventDate "2003.02.11"]
[EventType "tourn"]
[EventRounds "9"]
[EventCountry "CAN"]

1. d4 Nf6 2. c4 c5 3. d5 b5 4. a4 bxc4 5. Nc3 d6 6. e4 g6 7. Bxc4 Bg7 8. Nf3 O-O 9. h3 Ba6 10. Bb5 Bxb5 11. axb5 Qb6 12. Nd2 Nbd7 13. Nc4 Qc7 14. O-O Nb6 15. Na5 a6 16. Qe2 axb5 17. Qxb5 Rfb8 18. Bg5 Nbd7 19. Qc6 Qa7 20. Nb3 Rxb3 21. Rxa7 Rxa7 22. Qc8+ Bf8 23. e5 Rb8 24. Qxb8 Nxb8 25. exf6 exf6 26. Bxf6 Nd7 27. Bg5 Rb7 28. Re1 f6 29. Bf4 g5 30. Be3 f5 31. f4 gxf4 32. Bxf4 Rxb2 33. Re8 Rb3 34. Ne2 Kf7 35. Rd8 Rb7 36. Ng3 Kg6 37. Re8 Kf7 38. Re6 Nf6 39. Bxd6 Nxd5 40. Bxf8 Kxe6 41. Bxc5 Rb2 42. Nh5 Rc2 43. Bd4 f4 44. Ng7+ Kf7 45. Nf5 Kg6 46. Nh4+ Kg5 47. Bf2 Rxf2 48. Kxf2 Kxh4 49. Kf3 h5 50. Kf2 Kg5 51. g3 fxg3+ 52. Kxg3 h4+ 53. Kg2 Nf4+ 54. Kh2 Kf5 55. Kh1 Nxh3 56. Kh2 Kg4 57. Kh1 Nf4 58. Kh2 h3 59. Kh1 Kg3 60. Kg1 Nd3 0-1

[Event "Le Bolduc"]
[Site "Montreal CAN"]
[Date "2003.02.25"]
[Round "3"]
[White "Cazelais, Marc"]
[Black "Rousseau, Daniel"]
[Result "0-1"]
[WhiteElo "2097"]
[BlackElo "2071"]
[PlyCount "72"]
[GameId "2160767911352925"]
[EventDate "2003.02.11"]
[EventType "tourn"]
[EventRounds "9"]
[EventCountry "CAN"]

1. e4 e5 2. Nf3 Nc6 3. Bb5 a6 4. Ba4 Nf6 5. O-O b5 6. Bb3 Bc5 7. a4 Rb8 8. axb5 axb5 9. c3 O-O 10. d4 Bb6 11. dxe5 Ng4 12. Bf4 Qe8 13. Na3 Ncxe5 14. Nxe5 Nxe5 15. Qe2 d6 16. h3 Kh8 17. Be3 Ng6 18. Bxb6 Rxb6 19. Qe3 b4 20. Nc4 Rb8 21. Ba4 Qe6 22. Na5 bxc3 23. bxc3 Ba6 24. Rfe1 Qf6 25. Rab1 Rxb1 26. Rxb1 Nf4 27. c4 Qg5 28. g4 Qxa5 29. Qxf4 Qxa4 30. Qxf7 Qe8 31. Qxc7 Qxe4 32. Rb8 Qe1+ 33. Kh2 Qxf2+ 34. Kh1 h6 35. Qxd6 Bb7+ 36. Rxb7 Qe1+ 0-1

[Event "Le Bolduc"]
[Site "Montreal CAN"]
[Date "2003.03.04"]
[Round "4"]
[White "Rousseau, Daniel"]
[Black "Laframboise, Marc-Andre"]
[Result "1/2-1/2"]
[WhiteElo "2071"]
[BlackElo "2175"]
[PlyCount "146"]
[GameId "2160767911352932"]
[EventDate "2003.02.11"]
[EventType "tourn"]
[EventRounds "9"]
[EventCountry "CAN"]

1. e4 g6 2. d4 Bg7 3. Nc3 c6 4. Nf3 d5 5. exd5 cxd5 6. Bb5+ Nc6 7. Ne5 Bd7 8. Nxd7 Qxd7 9. Na4 Qc7 10. c3 a6 11. Be2 Nf6 12. g3 Nd7 13. Bf4 Qd8 14. Qb3 b5 15. Qxd5 Nxd4 16. cxd4 bxa4 17. Qc6 O-O 18. Bc7 Qc8 19. O-O Bxd4 20. Rfd1 Ne5 21. Qc2 Bxb2 22. Rab1 a3 23. Rd5 Ng4 24. Rbd1 Nf6 25. Rc5 Qe6 26. Bc4 Qe4 27. Bd3 Qb7 28. Bf1 Rac8 29. Rc6 Ne8 30. Bxa6 Qxc6 31. Qxc6 Rxc7 32. Qb6 Be5 33. Qa5 Bd6 34. Bb5 Rc5 35. Qa4 Nc7 36. Bc4 Na8 37. Bb3 Rcc8 38. Qg4 Rc5 39. Qf3 Rf5 40. Qe4 Nc7 41. h3 Na6 42. g4 Nc5 43. Qe3 Re5 44. Qc3 Nxb3 45. Qxb3 Rb8 46. Qc4 Rb2 47. Qc8+ Kg7 48. Qc3 f6 49. Rxd6 exd6 50. Qc7+ Kg8 51. Qxd6 Kf7 52. Qxa3 Rbe2 53. Qa7+ Re7 54. Qa6 R2e6 55. Qc4 Kg7 56. a4 Re4 57. Qc5 R4e5 58. Qc3 Ra7 59. f4 Rea5 60. g5 R5a6 61. a5 Kf7 62. Qc4+ Kg7 63. Qc3 Kf7 64. Qc4+ Ke7 65. Qc5+ Ke6 66. Qc4+ Kf5 67. gxf6 Kxf6 68. Qd4+ Kf7 69. Qd5+ Kg7 70. Qe5+ Kf7 71. Qd5+ Re6 72. Kg2 Rae7 73. Kg3 Kg7 1/2-1/2

[Event "Le Bolduc"]
[Site "Montreal CAN"]
[Date "2003.03.11"]
[Round "5"]
[White "Charbonneau, Anne-Marie"]
[Black "Rousseau, Daniel"]
[Result "1-0"]
[WhiteElo "1970"]
[BlackElo "2071"]
[PlyCount "69"]
[GameId "2160767911352937"]
[EventDate "2003.02.11"]
[EventType "tourn"]
[EventRounds "9"]
[EventCountry "CAN"]

1. d4 Nf6 2. c4 g6 3. Nc3 Bg7 4. e4 d6 5. Be2 O-O 6. Bg5 e5 7. dxe5 dxe5 8. Qxd8 Rxd8 9. Nd5 Nxd5 10. Bxd8 Nb4 11. O-O-O Nxa2+ 12. Kb1 Nb4 13. Bxc7 N8c6 14. Nf3 f5 15. h3 fxe4 16. Ng5 e3 17. fxe3 h6 18. Ne4 Bf5 19. Bf3 g5 20. Rd2 Na6 21. Bd6 Na5 22. Ka2 Nxc4 23. Rd3 Nxd6 24. Rxd6 Nb4+ 25. Kb3 a5 26. Rhd1 Bf8 27. Nf6+ Kg7 28. Nh5+ Kg8 29. Nf6+ Kf7 30. Bh5+ Kg7 31. e4 Bc8 32. Ne8+ Kh8 33. Nc7 Rb8 34. Rd8 Kg7 35. Rf1 1-0

[Event "Le Bolduc"]
[Site "Montreal CAN"]
[Date "2003.03.18"]
[Round "6"]
[White "Rousseau, Daniel"]
[Black "Chabot, Roland"]
[Result "0-1"]
[WhiteElo "2071"]
[BlackElo "2294"]
[PlyCount "86"]
[GameId "2160767911352942"]
[EventDate "2003.02.11"]
[EventType "tourn"]
[EventRounds "9"]
[EventCountry "CAN"]

1. e4 c5 2. d4 cxd4 3. Qxd4 Nc6 4. Qe3 Nf6 5. Nf3 d6 6. Bc4 e6 7. Nc3 Be7 8. O-O a6 9. a4 Qc7 10. Qe2 O-O 11. Rd1 b6 12. Bf4 Ne5 13. Bb3 Re8 14. Nd2 Bb7 15. Bg3 Nfd7 16. f4 Ng6 17. Nc4 b5 18. axb5 axb5 19. Rxa8 Bxa8 20. Nd2 Rb8 21. f5 exf5 22. exf5 Nge5 23. Nde4 Nf6 24. Bxe5 dxe5 25. Ng5 Rf8 26. Qxb5 h6 27. Nf3 Qa7+ 28. Kf1 Ng4 29. Rd2 Ne3+ 30. Ke1 Nxg2+ 31. Rxg2 Bxf3 32. Rg3 Qe3+ 33. Kf1 Bc5 34. Nd1 Qd2 35. Rxf3 Qxd1+ 36. Kg2 Qd2+ 37. Kh3 e4 38. Rg3 Bd6 39. Qd7 e3 40. Rg2 Qd1 41. Rg3 Qf1+ 42. Kg4 Bxg3 43. hxg3 e2 0-1

[Event "Le Bolduc"]
[Site "Montreal CAN"]
[Date "2003.03.25"]
[Round "7"]
[White "Dupuis, Stephane"]
[Black "Rousseau, Daniel"]
[Result "1/2-1/2"]
[WhiteElo "2224"]
[BlackElo "2071"]
[PlyCount "45"]
[GameId "2160767911352947"]
[EventDate "2003.02.11"]
[EventType "tourn"]
[EventRounds "9"]
[EventCountry "CAN"]

1. e4 e5 2. Nf3 Nc6 3. Nc3 Nf6 4. Bb5 Bb4 5. O-O O-O 6. d3 Bxc3 7. bxc3 d5 8. exd5 Qxd5 9. c4 Qd6 10. Bxc6 bxc6 11. Bb2 e4 12. Be5 Qe6 13. dxe4 Nxe4 14. Qd4 Nd6 15. Rfe1 Qg6 16. Bxd6 cxd6 17. c5 dxc5 18. Qxc5 Bh3 19. Nh4 Qg4 20. Re3 Qxh4 21. Rxh3 Qa4 22. Ra3 Qb5 23. Ra5 1/2-1/2

[Event "Pere Noel"]
[Site "Montreal CAN"]
[Date "2000.12.27"]
[Round "2"]
[White "Champetier, Serge"]
[Black "Rousseau, Daniel"]
[Result "0-1"]
[WhiteElo "2031"]
[BlackElo "2080"]
[PlyCount "48"]
[GameId "2160767911627406"]
[EventDate "2000.12.26"]
[EventType "swiss"]
[EventRounds "5"]
[EventCountry "CAN"]
[SourceTitle "EXT 2003"]
[Source "ChessBase"]
[SourceDate "2002.11.25"]
[SourceVersion "1"]
[SourceVersionDate "2002.11.25"]
[SourceQuality "1"]

1. e4 e5 2. Nf3 Nc6 3. d4 exd4 4. Nxd4 Nf6 5. Nxc6 bxc6 6. e5 Qe7 7. Qe2 Nd5 8. c4 Ba6 9. f4 Qb4+ 10. Kd1 O-O-O 11. Kc2 Nb6 12. b3 d5 13. Qg4+ Kb8 14. Ba3 Qa5 15. Bxf8 Rhxf8 16. Nc3 dxc4 17. bxc4 Bc8 18. Qf3 Bf5+ 19. Kb3 Rd2 20. Rc1 c5 21. a3 Bd7 22. Rb1 Ba4+ 23. Nxa4 Qxa4+ 24. Kc3 Qc2# 0-1

[Event "Pere Noel"]
[Site "Montreal CAN"]
[Date "2000.12.28"]
[Round "3"]
[White "Rousseau, Daniel"]
[Black "Paz, Roman"]
[Result "0-1"]
[WhiteElo "2080"]
[BlackElo "1969"]
[PlyCount "100"]
[GameId "2160767911627419"]
[EventDate "2000.12.26"]
[EventType "swiss"]
[EventRounds "5"]
[EventCountry "CAN"]
[SourceTitle "EXT 2003"]
[Source "ChessBase"]
[SourceDate "2002.11.25"]
[SourceVersion "1"]
[SourceVersionDate "2002.11.25"]
[SourceQuality "1"]

1. e4 e6 2. d4 b6 3. Nf3 Bb7 4. Bd3 Nf6 5. Qe2 Nc6 6. a3 d6 7. d5 Ne7 8. dxe6 fxe6 9. Ng5 Qd7 10. e5 dxe5 11. Qxe5 Bxg2 12. Rg1 Bd5 13. c4 Bf3 14. Bc2 Bg4 15. Rxg4 Nxg4 16. Qe4 Qc6 17. Ba4 Qxa4 18. Qxa8+ Kd7 19. Nf7 Nc6 20. Nxh8 Bc5 21. Be3 Bxe3 22. fxe3 Qc2 23. Nd2 Qd3 24. Qf8 Qxe3+ 25. Kf1 Qh3+ 26. Ke1 Qh4+ 27. Ke2 Nd4+ 28. Kd3 Qh3+ 29. Nf3 Nxf3 30. Qxg7+ Kc8 31. Kc2 Ne3+ 32. Kb3 Nd2+ 33. Ka2 Nc2 34. Qg3 Qxg3 35. hxg3 Nxa1 36. Kxa1 Nxc4 37. Nf7 Nd6 38. Ng5 Kd7 39. Nxh7 Ne4 40. Kb1 Ke7 41. Kc2 Kf7 42. Kd3 Nc5+ 43. Kc4 Kg6 44. Nf8+ Kf7 45. Nxe6 Nxe6 46. Kd5 Nd8 47. Ke5 Kg6 48. b4 c5 49. bxc5 bxc5 50. Kd5 Ne6 0-1